Online Catalogue and eLibrary

Thiruvasakam (Record no. 961)

MARC details
000 -LEADER
fixed length control field 00379nam a2200145Ia 4500
005 - DATE AND TIME OF LATEST TRANSACTION
control field 20250429094733.0
008 - FIXED-LENGTH DATA ELEMENTS--GENERAL INFORMATION
fixed length control field 240331s9999 xx 000 0 und d
082 ## - DDC Classification
Class No. 291.5
Item Number - Author Mark MAN
100 ## - MAIN ENTRY--PERSONAL NAME
Personal name Manikkavasagar, S
245 #0 - TITLE STATEMENT
Title Thiruvasakam
260 ## - PUBLICATION, DISTRIBUTION, ETC.
Place of publication, distribution, etc. Chennai
Name of publisher, distributor, etc. Kanthalaagam
Date of publication, distribution, etc. 1992
300 ## - PHYSICAL DESCRIPTION
Extent (e.g. Volumes, Pages etc.) 225 p .,
500 ## - GENERAL NOTE
General note Thiruvaasagam mulamum pala aracichium agaraathikalum
942 ## - Koha item type (Biblio)
Koha item type Books in Stacks (Lending)
Holdings
Lost status Damaged status Collection code Home library Current library Shelving location Date acquired Full call number Accession Number Item type
    Lending WERC Library WERC Library Social Science Cupboard 03/31/2024 291.5 MAN 3432 Books in Stacks (Lending)

© WERC Library